| 000 | 00562nam a2200193 a 4500 | ||
|---|---|---|---|
| 001 | 000011592 | ||
| 005 | 20240530073912.0 | ||
| 008 | 091021s1968 dr 000 f spa d | ||
| 040 |
_aDO-SdBNP _bspa _cBNPHU |
||
| 082 |
_aRD863.44 _bR282b |
||
| 100 | 1 |
_aRead, Horacio _927413 |
|
| 245 | 1 | 3 |
_aLa buhardilla / _cHoracio Read. |
| 260 |
_aSanto Domingo : _bCaribe, _c1968. |
||
| 300 |
_a186 p. ; _c15 cm. |
||
| 590 | _aInventariado, 2019/VM | ||
| 650 | 0 |
_aNovela dominicana _9223 |
|
| 650 | 0 |
_aLiteratura dominicana. _967 |
|
| 910 | _aValidado. Control de calidad MFF | ||
| 999 |
_c11287 _d11287 |
||